Le roman rouge
Gorde:
| Egile nagusia: | |
|---|---|
| Formatua: | Liburua |
| Hizkuntza: | Undetermined |
| Argitaratua: |
París, Francia
Ernest Flammarion
[s.f.]
|
| Gaiak: | |
| Etiketak: |
Etiketa erantsi
Etiketarik gabe, Izan zaitez lehena erregistro honi etiketa jartzen!
|
MARC
| LEADER | 00000nam a2200000Ia 4500 | ||
|---|---|---|---|
| 008 | 170316s9999 xx 000 0 und d | ||
| 040 | |a cru BVZT | ||
| 090 | |a 840 M-17r | ||
| 100 | |a Mendes, Catulle | ||
| 245 | |a Le roman rouge | ||
| 260 | |a París, Francia | ||
| 260 | |b Ernest Flammarion | ||
| 260 | |c [s.f.] | ||
| 300 | |a 219 páginas | ||
| 650 | |a LITERATURA FRANCESA | ||
| 999 | |c 7807 |d 7807 | ||
| 942 | |c 15 D |h 840 M-17r |2 z | ||
